000 00645nam a2200193Ia 4500
001 14673
003 GE_BSU
008 181216s||||||||xx |||||||||||||| ||und||
040 _cGE_BSU
080 _a821.353.1+821.353.1-92+821.353.1-09
100 _aქიაჩელი,ლეო
245 _aთხზულებანი 5 ტომად. ტ.5. წერილები, პორტრეტები
260 _aთბილისი
260 _bსაბჭოთა საქართველო
260 _c1964
300 _a127გვ.
653 _aწერილები, პორტრეტები
942 _cBK
999 _c47799
_d47799